000 00447nam a2200181Ia 4500
001 24371
005 20260414151038.0
008 260414t2001||||xx |||||||||||||| ||spa||
041 _aESP
082 _a345.7
_bB135
100 _aBenabentos, Omar Abel
_eAUT
245 0 _aTeoría general unitaria del derecho procesal
_b
260 _c2001
300 _a307 páginas :
_c22 cm.
650 _aDER
654 _aCDE
942 _cLIB
_dJUS
_fJUS
_2ddc
_n
999 _c24371
_d24371